Механика. Теоретическая механика. Сопротивление материалов учебник
Изложены базовые положения учебной дисциплины «Механика» по двум ее разделам – Теоретическая механика и Сопротивление материалов. Объем материала определен исходя из минимума необходимых знаний, усвоение которых требуется при изучении механики студентами немеханических направлений подготовки. Отобра...
محفوظ في:
| المؤلف الرئيسي: | |
|---|---|
| التنسيق: | Книга |
| الموضوعات: | |
| الوصول للمادة أونلاين: | Перейти к просмотру издания |
| الوسوم: |
إضافة وسم
لا توجد وسوم, كن أول من يضع وسما على هذه التسجيلة!
|
| LEADER | 02998nam0a2200373 4500 | ||
|---|---|---|---|
| 001 | RU/IPR SMART/98677 | ||
| 856 | 4 | |u https://www.iprbookshop.ru/98677.html |z Перейти к просмотру издания | |
| 801 | 1 | |a RU |b IPR SMART |c 20250903 |g RCR | |
| 010 | |a 978-5-7782-4019-3 | ||
| 205 | |a Механика. Теоретическая механика. Сопротивление материалов |b 2030-09-07 | ||
| 333 | |a Гарантированный срок размещения в ЭБС до 07.09.2030 (автопролонгация) | ||
| 100 | |a 20250903d2019 k y0rusy01020304ca | ||
| 105 | |a y j 000zy | ||
| 101 | 0 | |a rus | |
| 102 | |a RU | ||
| 200 | 1 | |a Механика. Теоретическая механика. Сопротивление материалов |e учебник |f В. Г. Атапин | |
| 700 | 1 | |a Атапин, |b В. Г. |4 070 | |
| 330 | |a Изложены базовые положения учебной дисциплины «Механика» по двум ее разделам – Теоретическая механика и Сопротивление материалов. Объем материала определен исходя из минимума необходимых знаний, усвоение которых требуется при изучении механики студентами немеханических направлений подготовки. Отобран наиболее типичный материал, учитывающий требования Федерального государственного образовательного стандарта высшего образования и современную базовую школьную подготовку студента. Теоретический материал сопровождается подробно разобранными примерами различной сложности. Предназначен для бакалавров немеханических направлений подготовки технических университетов. Учебник может быть также полезен для студентов техникумов и колледжей. | ||
| 210 | |a Новосибирск |c Новосибирский государственный технический университет |d 2019 | ||
| 610 | 1 | |a теоретическая механика | |
| 610 | 1 | |a кинематика | |
| 610 | 1 | |a статика | |
| 610 | 1 | |a динамика | |
| 610 | 1 | |a материал | |
| 610 | 1 | |a деформация | |
| 675 | |a 531 | ||
| 686 | |a 22.2 |2 rubbk | ||
| 300 | |a Книга находится в премиум-версии IPR SMART. | ||
| 106 | |a s | ||
| 230 | |a Электрон. дан. (1 файл) | ||
| 336 | |a Текст | ||
| 337 | |a электронный | ||
| 503 | 0 | |a Доступна эл. версия. IPR SMART | |
| 215 | |a 378 с. | ||